000 00577nam a22001817a 4500
005 20221109091436.0
008 220808b fr ||||| |||| 00| 0 fre d
050 0 4 _aBR65.A6.S6
_bS26
100 1 _aAgustin, Saint
245 1 0 _aLes Confessions /
_cSaint Agustin ; traductor Joseph Trabucco
250 _a1a ed.
260 _aParis :
_bGarnier Frères,
300 _av. ;
_c19 cm.
600 1 _aAgustín de Hipona, San,
_d354-430.
650 4 _aSantos Cristianos
_xArgelia -- Hipona (Ciudad extinta) -- Biografía.
700 1 _aTrabuco,Joseph,
_etr.
942 _2lcc
_cLIB
999 _c163549
_d163547